00850nam a22002657a 45000010005000000030009000050050017000140070005000310080048000360200015000840400022000990410013001211000041001342450125001752600038003003000027003384900015003654900015003805040073003955040033004687000029005017000024005308300015005548300015005690074DO-SdBNP20171212144500.00074151103b sp 1970 xxu||||| |||| 00| 0 spa d a8420739537 aBPMSUbspacBPMSU17aspaheng10aConan Doyle, Arthur,cSird1859-193014aLas aventuras de Sherlock Holmes /cSir Arthur Conan Doyle ; traducción Juan Manuel Ibeas ; ilustración Sidney Paget aMadrid, España :bAnaya,c1990. a367 p. :bil.,c20 cm.10aTus libros10aPoliciacos aIncluye notas y referencias bibliográficas al pie de las páginas aBibliografías : p. 365-36710aIbeas, Juan Manuel,etr.10aPaget, Sidney,eil.00aTus libros00aPoliciacos